| 000 | 00357nam a22001337a 4500 | ||
|---|---|---|---|
| 082 |
_a531 _bABB _cL-5 , P-202 |
||
| 100 |
_aAbbot, P _939810 |
||
| 245 |
_aTeach yourself books mechanics _cAbbot, P |
||
| 300 |
_axxii, 271 p. : _bill _c18 cm |
||
| 526 |
_a0 _b0 _c0 _d531_000000000000000_ABB |
||
| 650 |
_aMCE _9379 |
||
| 700 |
_aAbbot, P _939810 |
||
| 942 |
_2ddc _cBK |
||
| 999 |
_c544237 _d544237 |
||